Normal view MARC view

Entry Personal Name

Number of records used in: 1

001 - CONTROL NUMBER

  • control field: 55297

003 - CONTROL NUMBER IDENTIFIER

  • control field: OSt

005 - DATE AND TIME OF LATEST TRANSACTION

  • control field: 20250717123439.0

008 - FIXED-LENGTH DATA ELEMENTS

  • fixed length control field: 250717|| aca||aabn | a|a d

040 ## - CATALOGING SOURCE

  • Original cataloging agency: OSt
  • Transcribing agency: OSt

100 ## - HEADING--PERSONAL NAME

  • Personal name: O’Connor, Peter J. Wiewiora, Anna W. and Spark, Andrew

670 ## - SOURCE DATA FOUND

  • Source citation: Work cat.: (OSt): O’Connor, Peter J. Wiewiora, Anna W. and Spark, Andrew , State tolerance of ambiguity drives performance and well-being outcomes within project managers: Evidence from a five-wave longitudinal study

Powered by Koha